Comments and clarifications on the standard method of measurement of building works (Record no. 87926)

MARC details
000 -LEADER
fixed length control field 00595cam a2200205 4500
001 - CONTROL NUMBER
control field D15214
008 - FIXED-LENGTH DATA ELEMENTS--GENERAL INFORMATION
fixed length control field 090401t1966 xxu||||| |||| 00| 0 eng d
035 ## - SYSTEM CONTROL NUMBER
System control number (Sirsi) u21143
041 ## - LANGUAGE CODE
Language code of text/sound track or separate title eng
050 ## - LIBRARY OF CONGRESS CALL NUMBER
Classification number RICS 1966/13ABC
110 ## - MAIN ENTRY--CORPORATE NAME
Corporate name or jurisdiction name as entry element Royal Institution of Chartered Surveyors
9 (RLIN) 4900
245 ## - TITLE STATEMENT
Title Comments and clarifications on the standard method of measurement of building works
260 ## - PUBLICATION, DISTRIBUTION, ETC.
Name of publisher, distributor, etc. RICS
Date of publication, distribution, etc. 1966
300 ## - PHYSICAL DESCRIPTION
Extent 28p
350 ## - PRICE (NR) (BK AM CF MU VM SE) [OBSOLETE]
Price 0
520 ## - SUMMARY, ETC.
Summary, etc. Filed in box 1966/13 ABC
710 ## - ADDED ENTRY--CORPORATE NAME
Corporate name or jurisdiction name as entry element National Federation of Building Trades Employers
9 (RLIN) 1526
942 ## - ADDED ENTRY ELEMENTS (KOHA)
Suppress in OPAC 0
948 ## - LOCAL PROCESSING INFORMATION (OCLC); SERIES PART DESIGNATOR (RLIN)
c (OCLC) 04/03/1997
Holdings
Withdrawn status Lost status Source of classification or shelving scheme Damaged status Not for loan Home library Current library Shelving location Date acquired Total Checkouts Full call number Barcode Date last seen Copy number Price effective from Koha item type
    Other/Generic Classification Scheme     London London RICS Boxes 14/09/1999   SMM 1966/13 30005682 06/08/2019 1 06/08/2019 Reference material
    Other/Generic Classification Scheme     London London RICS Boxes 19/08/1991   SMM 1966/13 30006052 06/08/2019 2 06/08/2019 Book
    Other/Generic Classification Scheme     London London RICS Boxes 19/08/1991   SMM 1966/13 30023285 06/08/2019 3 06/08/2019 Reference material